ARRUPE JESUIT UNIVERSITY

CORONAVIRUS -STOP THE SPREAD - CLEAN,DISINFECT,COVER

The Mwindo epic; (Record no. 131742)

MARC details
000 -LEADER
fixed length control field 00469nam a22001457a 4500
008 - FIXED-LENGTH DATA ELEMENTS--GENERAL INFORMATION
fixed length control field 230414b |||||||| |||| 00| 0 eng d
020 ## - INTERNATIONAL STANDARD BOOK NUMBER
International Standard Book Number 0520020499.
050 ## - LIBRARY OF CONGRESS CALL NUMBER
Classification number PL8592.N439 M913 1969.
100 ## - MAIN ENTRY--PERSONAL NAME
Personal name Biebuyck, Daniel.
9 (RLIN) 39174
245 ## - TITLE STATEMENT
Title The Mwindo epic;
Remainder of title from the Banyanga (Congo Republic)
Statement of responsibility, etc Daniel Biebuyck.
260 ## - PUBLICATION, DISTRIBUTION, ETC. (IMPRINT)
Place of publication, distribution, etc London:
Name of publisher, distributor, etc University of California Press,
Date of publication, distribution, etc 1969.
300 ## - PHYSICAL DESCRIPTION
Extent viii;
Other physical details 213p,
Dimensions 21cm.
650 ## - SUBJECT ADDED ENTRY--TOPICAL TERM
Source of heading or term epic literature;
942 ## - ADDED ENTRY ELEMENTS (KOHA)
Source of classification or shelving scheme Library of Congress Classification
Item type Monograph ( Printed materials)
Holdings
Withdrawn status Lost status Source of classification or shelving scheme Damaged status Not for loan Home library Current library Shelving location Date acquired Total Checkouts Full call number Barcode Date last seen Price effective from Koha item type
    Library of Congress Classification     ARRUPE LIBRARY ARRUPE LIBRARY Main Collection 14/04/2023   PL8592.N439 M913 1969. 46700000280 14/04/2023 14/04/2023 Monograph ( Printed materials)

 

Arrupe Library. PO Box MP320 Mt Pleasant, Harare, Zimbabwe
263 242 745411|librarian@aju.ac.zw